| Tag |
First Indicator |
Second Indicator |
Subfields |
| LEADER |
00000cam a2200000 4500 |
| 001 |
in00000078549 |
| 005 |
20151008052829.0 |
| 008 |
761108s1912 nyu 00000 eng |
| 010 |
|
|
|a 13000149
|
| 035 |
|
|
|a (OCoLC)02546259
|
| 035 |
|
|
|9 AAH5075AM
|
| 040 |
|
|
|a DLC
|c OHI
|d TXA
|d UtOrBLW
|
| 049 |
|
|
|a TXAM
|c 1 [1992]
|
| 050 |
|
0 |
|a HG2481
|b .M9
|
| 092 |
|
|
|a 332.10973
|b M998c
|
| 100 |
1 |
|
|a Myrick, Herbert,
|d 1860-
|
| 245 |
1 |
0 |
|a Co-operative finance ;
|b an American method for the American people, to encourage business, farming, home-owning, individual and corporate success, social justice and national prosperity /
|c by Herbert Myrick. Profusely illustrated by charts, sketches, and good-humored cartoons.
|
| 264 |
|
1 |
|a New York :
|b Orange Judd company; [etc., etc.],
|c 1912.
|
| 300 |
|
|
|a xxxii, 327 pages, 1 unnumbered page :
|b frontispiece, illustrations, color plate, portraits, diagrams ;
|c 26 cm.
|
| 336 |
|
|
|a text
|b txt
|2 rdacontent
|
| 337 |
|
|
|a unmediated
|b n
|2 rdamedia
|
| 338 |
|
|
|a volume
|b nc
|2 rdacarrier
|
| 650 |
|
0 |
|a Banks and banking
|z United States.
|
| 650 |
|
0 |
|a Banks and banking, Cooperative.
|
| 999 |
|
|
|a MARS
|
| 999 |
f |
f |
|s 1f7f75ad-b7c6-3107-92eb-d61ed60788fa
|i 1a1b5bcf-f5ba-30a3-a2d5-24611e10797d
|t 0
|
| 952 |
f |
f |
|p ric
|a Texas A&M University
|b Rellis Campus
|c Joint Library Facility
|d Remote Storage
|t 0
|e HG2481 .M9
|h Library of Congress classification
|i unmediated -- volume
|m A14800729407
|
| 998 |
f |
f |
|a HG2481 .M9
|t 0
|l Remote Storage
|